Prueba rápida de matemáticas - prueba corta de matemáticas - Quiz 1 - Estadísticas

Estadísticas generales
  • Esta prueba ha sido intentada 175 veces
  • La puntuación promedio es 13 de 15
Estadísticas de respuestas
Hint Respuesta % Correcto
23 + 78 = 101
98%
78 - 23 = 55
98%
76 - 4 = 72
95%
4 + 76 = 80
94%
32 + 99 = 131
91%
153 - 19 = 134
88%
117 + 29 = 146
88%
76 : 4 = 19
88%
128 : 4 = 32
88%
4 x 76 = 304
85%
23 x 11 = 253
84%
115 - 97 = 18
83%
117 - 29 = 88
82%
146 + 88 = 234
78%
234 - 119 = 115
74%
No se encontraron pruebas coincidentes
Distribución de puntuación
Porcentaje de gente con cada puntuación
Porcentaje por número respondido
Historial de tus puntuaciones
No has intentado esta prueba.